<?xml version="1.0" encoding="UTF-8"?>
<record
    xmlns:xsi="http://www.w3.org/2001/XMLSchema-instance"
    xsi:schemaLocation="http://www.loc.gov/MARC21/slim http://www.loc.gov/standards/marcxml/schema/MARC21slim.xsd"
    xmlns="http://www.loc.gov/MARC21/slim">

  <leader>01741nam2a22002771  4500</leader>
  <controlfield tag="001">rc\4122897</controlfield>
  <controlfield tag="005">20250611101103.0</controlfield>
  <datafield tag="021" ind1=" " ind2=" ">
    <subfield code="a">RU</subfield>
    <subfield code="b">[50-12060]</subfield>
  </datafield>
  <datafield tag="035" ind1=" " ind2=" ">
    <subfield code="a">(NLR Aleph) 008153133</subfield>
  </datafield>
  <datafield tag="090" ind1=" " ind2=" ">
    <subfield code="a">7783139</subfield>
    <subfield code="c">7783139</subfield>
  </datafield>
  <datafield tag="100" ind1=" " ind2=" ">
    <subfield code="a">20130415d1950    |||y0rusy50      ca</subfield>
  </datafield>
  <datafield tag="101" ind1="0" ind2=" ">
    <subfield code="a">rus</subfield>
  </datafield>
  <datafield tag="102" ind1=" " ind2=" ">
    <subfield code="a">RU</subfield>
  </datafield>
  <datafield tag="105" ind1=" " ind2=" ">
    <subfield code="a">a   z   |||a|</subfield>
  </datafield>
  <datafield tag="200" ind1="1" ind2=" ">
    <subfield code="a">&#x414;&#x440;&#x430;&#x43C;&#x430;&#x442;&#x438;&#x447;&#x435;&#x441;&#x43A;&#x438;&#x435; &#x43F;&#x440;&#x43E;&#x438;&#x437;&#x432;&#x435;&#x434;&#x435;&#x43D;&#x438;&#x44F;</subfield>
    <subfield code="f">[&#x41F;&#x43E;&#x434;&#x433;&#x43E;&#x442;. &#x442;&#x435;&#x43A;&#x441;&#x442;&#x430; &#x438; &#x43A;&#x43E;&#x43C;&#x43C;&#x435;&#x43D;&#x442;. &#x41A;.&#x41A;. &#x411;&#x443;&#x445;&#x43C;&#x435;&#x439;&#x435;&#x440; &#x438; &#x434;&#x440;.</subfield>
    <subfield code="g">&#x420;&#x435;&#x434;. &#x412;.&#x415;. &#x415;&#x432;&#x433;&#x435;&#x43D;&#x44C;&#x435;&#x432;&#x430;-&#x41C;&#x430;&#x43A;&#x441;&#x438;&#x43C;&#x43E;&#x432;&#x430;]</subfield>
    <subfield code="g">&#x41F;&#x43E;&#x434; &#x43E;&#x431;&#x449;. &#x440;&#x435;&#x434;. &#x412;.&#x415;. &#x415;&#x432;&#x433;&#x435;&#x43D;&#x44C;&#x435;&#x432;&#x430;-&#x41C;&#x430;&#x43A;&#x441;&#x438;&#x43C;&#x43E;&#x432;&#x430; [&#x438; &#x434;&#x440;.]</subfield>
  </datafield>
  <datafield tag="210" ind1=" " ind2=" ">
    <subfield code="d">1950</subfield>
    <subfield code="g">&#x41E;&#x431;&#x440;&#x430;&#x437;&#x446;&#x43E;&#x432;&#x430;&#x44F; &#x442;&#x438;&#x43F;. &#x438;&#x43C;. &#x416;&#x434;&#x430;&#x43D;&#x43E;&#x432;&#x430;</subfield>
    <subfield code="a">&#x411;. &#x43C;.</subfield>
  </datafield>
  <datafield tag="215" ind1=" " ind2=" ">
    <subfield code="a">667 &#x441;., 5 &#x43B;. &#x438;&#x43B;.</subfield>
  </datafield>
  <datafield tag="461" ind1=" " ind2="0">
    <subfield code="1">001rc\4122893</subfield>
    <subfield code="1">2001#$a&#x41F;&#x43E;&#x43B;&#x43D;&#x43E;&#x435; &#x441;&#x43E;&#x431;&#x440;&#x430;&#x43D;&#x438;&#x435; &#x441;&#x43E;&#x447;&#x438;&#x43D;&#x435;&#x43D;&#x438;&#x439; &#x438; &#x43F;&#x438;&#x441;&#x435;&#x43C;$f&#x41F;&#x43E;&#x434; &#x43E;&#x431;&#x449;. &#x440;&#x435;&#x434;. &#x412;.&#x415;. &#x415;&#x432;&#x433;&#x435;&#x43D;&#x44C;&#x435;&#x432;&#x430;-&#x41C;&#x430;&#x43A;&#x441;&#x438;&#x43C;&#x43E;&#x432;&#x430;, &#x410;.&#x41C;. &#x415;&#x433;&#x43E;&#x43B;&#x438;&#x43D;&#x430; &#x438; &#x41A;.&#x418;. &#x427;&#x443;&#x43A;&#x43E;&#x432;&#x441;&#x43A;&#x43E;&#x433;&#x43E;. &#x422;. 1-$v&#x422;. 4</subfield>
    <subfield code="1">700#1$3RU\NLR\AUTH\776255$a&#x41D;&#x435;&#x43A;&#x440;&#x430;&#x441;&#x43E;&#x432;$b&#x41D;. &#x410;.$c&#x43F;&#x43E;&#x44D;&#x442;$f1821-1877$g&#x41D;&#x438;&#x43A;&#x43E;&#x43B;&#x430;&#x439; &#x410;&#x43B;&#x435;&#x43A;&#x441;&#x435;&#x435;&#x432;&#x438;&#x447;</subfield>
    <subfield code="9">7783132</subfield>
    <subfield code="a">&#x41D;&#x435;&#x43A;&#x440;&#x430;&#x441;&#x43E;&#x432;, &#x41D;. &#x410;. (&#x43F;&#x43E;&#x44D;&#x442; ; 1821-1877)</subfield>
    <subfield code="c">&#x41C;&#x43E;&#x441;&#x43A;&#x432;&#x430;</subfield>
    <subfield code="d">1900-1953</subfield>
    <subfield code="f">&#x41F;&#x43E;&#x434; &#x43E;&#x431;&#x449;. &#x440;&#x435;&#x434;. &#x412;.&#x415;. &#x415;&#x432;&#x433;&#x435;&#x43D;&#x44C;&#x435;&#x432;&#x430;-&#x41C;&#x430;&#x43A;&#x441;&#x438;&#x43C;&#x43E;&#x432;&#x430;, &#x410;.&#x41C;. &#x415;&#x433;&#x43E;&#x43B;&#x438;&#x43D;&#x430; &#x438; &#x41A;.&#x418;. &#x427;&#x443;&#x43A;&#x43E;&#x432;&#x441;&#x43A;&#x43E;&#x433;&#x43E;. &#x422;. 1-</subfield>
    <subfield code="n">&#x413;&#x43E;&#x441;. &#x438;&#x437;&#x434;-&#x432;&#x43E; &#x445;&#x443;&#x434;&#x43E;&#x436;. &#x43B;&#x438;&#x442;.</subfield>
    <subfield code="t">&#x41F;&#x43E;&#x43B;&#x43D;&#x43E;&#x435; &#x441;&#x43E;&#x431;&#x440;&#x430;&#x43D;&#x438;&#x435; &#x441;&#x43E;&#x447;&#x438;&#x43D;&#x435;&#x43D;&#x438;&#x439; &#x438; &#x43F;&#x438;&#x441;&#x435;&#x43C;</subfield>
    <subfield code="v">&#x422;. 4</subfield>
  </datafield>
  <datafield tag="702" ind1=" " ind2="1">
    <subfield code="a">&#x415;&#x432;&#x433;&#x435;&#x43D;&#x44C;&#x435;&#x432;-&#x41C;&#x430;&#x43A;&#x441;&#x438;&#x43C;&#x43E;&#x432;</subfield>
    <subfield code="b">&#x412;.&#x415;.</subfield>
    <subfield code="g">&#x412;&#x43B;&#x430;&#x434;&#x438;&#x441;&#x43B;&#x430;&#x432; &#x415;&#x432;&#x433;&#x435;&#x43D;&#x44C;&#x435;&#x432;&#x438;&#x447;</subfield>
    <subfield code="4">340</subfield>
  </datafield>
  <datafield tag="702" ind1=" " ind2="1">
    <subfield code="a">&#x411;&#x443;&#x445;&#x43C;&#x435;&#x439;&#x435;&#x440;</subfield>
    <subfield code="b">&#x41A;.&#x41A;.</subfield>
    <subfield code="g">&#x41A;&#x441;&#x435;&#x43D;&#x438;&#x44F; &#x41A;&#x43E;&#x43D;&#x441;&#x442;&#x430;&#x43D;&#x442;&#x438;&#x43D;&#x43E;&#x432;&#x43D;&#x430;</subfield>
    <subfield code="4">212</subfield>
  </datafield>
  <datafield tag="801" ind1=" " ind2="0">
    <subfield code="a">RU</subfield>
    <subfield code="b">NLR</subfield>
    <subfield code="g">psbo</subfield>
  </datafield>
  <datafield tag="801" ind1=" " ind2="1">
    <subfield code="a">RU</subfield>
    <subfield code="b">ELAR</subfield>
    <subfield code="2">rusmarc</subfield>
  </datafield>
  <datafield tag="852" ind1=" " ind2=" ">
    <subfield code="a">NLR</subfield>
    <subfield code="j">&#x41B;30 &#x413;-3/1037</subfield>
  </datafield>
  <datafield tag="942" ind1=" " ind2=" ">
    <subfield code="c">BOOK</subfield>
  </datafield>
  <datafield tag="980" ind1=" " ind2=" ">
    <subfield code="a">NB</subfield>
  </datafield>
  <datafield tag="995" ind1=" " ind2=" ">
    <subfield code="5">2013-10-26</subfield>
    <subfield code="b">NLR02</subfield>
    <subfield code="c">NLR02</subfield>
    <subfield code="e">RFS</subfield>
    <subfield code="f">8153133-10</subfield>
    <subfield code="k">&#x41B;30 &#x413;-3/1037</subfield>
    <subfield code="o">0</subfield>
    <subfield code="r">BOOK</subfield>
    <subfield code="s">30_31037</subfield>
  </datafield>
</record>
